| 000 | 00495nam a2200157 4500 | ||
|---|---|---|---|
| 001 | 118062 | ||
| 003 | ES-MaACL | ||
| 005 | 20230906191025.0 | ||
| 007 | t| | ||
| 008 | 070214s1956 sp r ||||1| spa d | ||
| 100 | 1 |
_aPáramo, Severiano del. _988933 |
|
| 245 | 1 | 3 |
_aLa persona de Jesús ante la crítica liberal protestante y racionalista / _cpor el P. Severiano del Páramo. |
| 260 |
_aSantander : _bSal Terrae, _c1956. |
||
| 300 |
_a202 p. ; _c17 cm. |
||
| 852 |
_aES-MaACL _jC-13520 _bR.40796 |
||
| 999 |
_c118062 _d118062 |
||